| 000 | 00472cam a2200181 4500 | ||
|---|---|---|---|
| 001 | D9160 | ||
| 008 | 090401t1954 xxu||||| |||| 00| 0 eng d | ||
| 035 | _a(Sirsi) u17697 | ||
| 041 | _aeng | ||
| 050 | _a920.951 | ||
| 100 | _aTaylor, E.G.R. | ||
| 245 | 4 | _aThe mathematical practitioners of Tudor and Stuart England | |
| 260 |
_aCambridge _bC.V.P. / Institute of Navigation _c1954 |
||
| 300 | _axi. 442p. ill. 22cm | ||
| 350 | _a4 | ||
| 942 | _n0 | ||
| 948 | _c04/03/1997 | ||
| 999 |
_c87538 _d87538 |
||